Vranov 700 /

Salvato in:
Dettagli Bibliografici
Autori principali: DRÁČ, Karol (Autore), Michnovič, Imrich (Autore)
Natura: Libro
Lingua:slovacco
Pubblicazione: Bratislava; SLOVAKOPRESS; 1970
Tags: Aggiungi Tag
Nessun Tag, puoi essere il primo ad aggiungerne!!

MARC

LEADER 00000nam a22000003a 4500
001 0102943
003 SK-STU
005 20230627131707.6
007 ta
008 230627s ----xo-----e------000-0-----d
040 |a STU  |b slo 
041 0 |a slo 
044 |a xo 
100 1 |a DRÁČ, Karol  |4 aut 
245 1 0 |a Vranov  |b 700 /  |c aut. Karol DRÁČ, Imrich Michnovič 
260 |a Bratislava;  |b SLOVAKOPRESS;  |c 1970 
700 1 |a Michnovič, Imrich  |4 aut 
996 |c I* 4SOA13969  |l I  |s A  |a 24  |w 0102943_0001